00567nam a2200133Ia 4500008004100000040002900041050002600070100003300096245012800129260003100257942000700288952012100295999001700416230222s9999||||xx |||||||||||||| ||und|| cChuka University Library aTHE LB 2903bK56 2016 aKimathi,Nkirote Nanice95559 0aChallenges in the management of non-teaching staff in public secondary schools in Meru Central Sub-County Meru County,Kenya aCUbChuka Universityc2016 cBK 001040708LGLaCHKbCHKcGENd2023-02-22l0oTHE LB 2903.K56 2016p12363/2017r2023-02-22 00:00:00w2023-02-22yBK c10005d10005